Kaplnka pri kostole sv. Jakuba v Prašiciach

Bibliographic Details
Main Author: Žalman, Peter, 1953- (Author)
Format: Article
Language:Slovak
ISSN:1335-2180
Subjects:

MARC

LEADER 00000nab a2200000 a 4500
001 vtls000664401
003 SK-MaSNL
005 20260304095641.0
008 250425c1998 xo 0 slo
015 |a SNBRB1998/06-15978 
035 |a CLN000016587 
035 |a urn:nbn:sk:snk-abdpxq 
035 |a (urnnbn)urn:nbn:sk:snk:ar-001rke 
035 |a (uuid)57524685-c281-4f54-b7e9-ea431d40e944 
040 |a SNKBUCL  |b slo  |c SNKBUCL  |e AACR2 
041 0 |a slo 
044 |a xo  |c SK 
080 |a 726.52(437.6)  |2 1997 
080 |a 726.54(437.6)  |2 1997 
100 1 |a Žalman, Peter,  |d 1953-  |4 aut  |9 86631 
245 1 0 |a Kaplnka pri kostole sv. Jakuba v Prašiciach  |c Peter Žalman 
610 7 |a Kostol sv. Jakuba (Prašice, Slovensko)  |2 snkbucl  |9 29279 
650 0 7 |a kaplnky  |z Slovensko  |x architektúra  |2 snkbucl  |9 1381744 
655 7 |a články z novín a časopisov  |2 snkbucl  |9 267496 
773 0 |t Projekt  |g Roč. 40, č. 3 (1998), s. 47  |x 1335-2180 
850 |a Slovenská národná knižnica 
852 |a Slovenská národná knižnica 
954 |a odborná, vedecká literatúra pôvodná (slovenská)  |2 lita 
958 |a article19 
958 |a OND 
958 |a SK 
958 |a EUIPO 
992 |a RBX 
999 |c 2833763  |d 2835693